LEADER 03446nam 2200625Ia 450 001 9910464012303321 005 20170821160713.0 010 $a1-4623-7696-7 010 $a1-4527-9547-9 010 $a1-282-84311-7 010 $a1-4518-7238-0 010 $a9786612843112 035 $a(CKB)3170000000055256 035 $a(EBL)1608275 035 $a(SSID)ssj0000943049 035 $a(PQKBManifestationID)11580567 035 $a(PQKBTitleCode)TC0000943049 035 $a(PQKBWorkID)10974771 035 $a(PQKB)11208834 035 $a(OCoLC)503190327 035 $a(MiAaPQ)EBC1608275 035 $a(EXLCZ)993170000000055256 100 $a20041202d2009 uf 0 101 0 $aeng 135 $aur|n|---||||| 181 $ctxt 182 $cc 183 $acr 200 10$aRemittances$b[electronic resource] $ean automatic output stabilizer? /$fprepared by Ralph Chami, Dalia Hakura, and Peter Montiel 210 $a[Washington D.C.] $cInternational Monetary Fund$d2009 215 $a1 online resource (33 p.) 225 1 $aIMF working paper ;$vWP/09/91 300 $aDescription based upon print version of record. 311 $a1-4519-1673-6 320 $aIncludes bibliographical references. 327 $aContents; I. Introduction; II. Determinants of Growth Volatility; A. Exogenous Shocks; B. Persistent Country Characteristics; C. The Institutional Environment; D. Remittance Flows; III. Ordinary Least Squares Estimation; IV. Instrumental Variables Estimation; V. Generalized Method of Moments Dynamic Panel Estimation; VI. Testing for Nonlinear Effects; VII. An Application: Remittances and Output Stability in the Middle East and North Africa; VIII. Summary and Conclusions; Tables; 1. Output Volatility and Workers Remittances 327 $a2. Descriptive Statistics of Dependent and Explanatory Variables 1970 - 20043. Ordinary Least Squares and Instrumental Variables Regression Results; 4. Panel Data Description, 1980 -- 2004; 5. Panel Regression Results; 6. Nonlinear Ordinary Least Squares and Instrumental Variables Regression Results; 7. Nonlinear GMM System Estimation; 8. Estimated Impact of Remittances on Volatility; A. Data Definitions and Sources; Appendixes; Data Appendix; B. Country Coverage; Country Coverage; References 330 $aRemittance flows appear to be falling worldwide for the first time in decades as a result of the ongoing financial turmoil. It is suspected that the drop in remittance income into developing and emerging markets will have a destabilizing effect on these economies. The paper estimates the impact of remittances on output stability for countries that are dependent on these income flows. Using a sample of 70 countries, including 16 advanced economies and 54 developing countries, we find robust evidence that remittances have a negative effect on output growth volatility of recipient countries. This 410 0$aIMF working paper ;$vWP/09/91. 606 $aEconomic assistance 606 $aEconomic development 608 $aElectronic books. 615 0$aEconomic assistance. 615 0$aEconomic development. 676 $a338.9669 700 $aChami$b Ralph$0933130 701 $aHakura$b Dalia S$0867938 701 $aMontiel$b Peter$0942691 801 0$bMiAaPQ 801 1$bMiAaPQ 801 2$bMiAaPQ 906 $aBOOK 912 $a9910464012303321 996 $aRemittances$92127304 997 $aUNINA LEADER 06045nam 22007575 450 001 996466086803316 005 20200706063746.0 010 $a3-540-47765-9 024 7 $a10.1007/3-540-56869-7 035 $a(CKB)1000000000233979 035 $a(SSID)ssj0000321029 035 $a(PQKBManifestationID)11262204 035 $a(PQKBTitleCode)TC0000321029 035 $a(PQKBWorkID)10276813 035 $a(PQKB)11016883 035 $a(DE-He213)978-3-540-47765-5 035 $a(PPN)155213601 035 $a(EXLCZ)991000000000233979 100 $a20121227d1993 u| 0 101 0 $aeng 135 $aurnn|008mamaa 181 $ctxt 182 $cc 183 $acr 200 10$aAdvances in Spatial Databases$b[electronic resource] $eThird International Symposium, SSD '93, Singapore, June 23-25, 1993. Proceedings /$fedited by David Abel, Beng Chin Ooi 205 $a1st ed. 1993. 210 1$aBerlin, Heidelberg :$cSpringer Berlin Heidelberg :$cImprint: Springer,$d1993. 215 $a1 online resource (XV, 537 p.) 225 1 $aLecture Notes in Computer Science,$x0302-9743 ;$v692 300 $aBibliographic Level Mode of Issuance: Monograph 311 $a3-540-56869-7 327 $aSpatial data management in database systems: Research directions -- Realms: A foundation for spatial data types in database systems -- A canonical model for a class of areal spatial objects -- Strong integration of spatial domains and operators in a relational database system -- The transformation technique for spatial objects revisited -- A paging scheme for pointer-based quadtrees -- A hierarchical spatial index for cell complexes -- On optimal multiversion access structures -- Concurrent accesses to R-trees -- A spatial data model and a topological sweep algorithm for map overlay -- An optimal quadtree translation algorithm -- Database support for multidimensional discrete data -- From extensible databases to interoperability between multiple databases and GIS applications -- Interoperability of spatial and attribute data managers: A case study -- GeO2: Why objects in a geographical DBMS? -- A small set of formal topological relationships suitable for end-user interaction -- Qualitative and topological relationships in spatial databases -- Topological relations between regions in ?2 and ?2 -- Query- adaptive data space partitioning using variable-size storage clusters -- A storage and access architecture for efficient query processing in spatial database systems -- Query processing of spatial objects: Complexity versus redundancy -- The SEQUOIA 2000 project -- Neighborhood query and analysis with GeoSAL, a spatial database language -- Application of a reciprocal confluence tree unit to similar-picture retrieval -- Deduction and deductive databases for geographic data handling -- Representing expectations in spatial information systems -- Volumes from overlaying 3-D triangulations in parallel -- A declarative, object-oriented interface to a solid modeler -- Indexing on spherical surfaces using semi-quadcodes. 330 $aThe Third International Symposium on Large Spatial Databases (SSD '93) was held at the National University of Singapore in June 1993. The previous meetings of the series were at Sanata Barbara (1989) and Zurich (1991). The meetings are planned as a forum for researchers and practitioners specializing in database theory for and advanced applications of Spatial Information Systems. This volume constitutes the proceedings of the symposium. It contains 25 selected papersand three keynotes papers: "Spatial data management in database systems: research directions" (W. Kim), "From extensible databases to interoperability between multiple databases and GIS applications" (H.-J. Schek), and "The SEQUOIA 2000 project" (M. Stonebraker). The selectedpapers are collected into sections on: data modeling, spatial indexing, indexing mechanisms, handling of raster and vector data, spatial database systems, topology, storage management, query retrieval,knowledge engineering in SDS, and 3-dimensional data handling. 410 0$aLecture Notes in Computer Science,$x0302-9743 ;$v692 606 $aData structures (Computer science) 606 $aDatabase management 606 $aInformation storage and retrieval 606 $aComputer-aided engineering 606 $aOptical data processing 606 $aPattern recognition 606 $aData Structures and Information Theory$3https://scigraph.springernature.com/ontologies/product-market-codes/I15009 606 $aDatabase Management$3https://scigraph.springernature.com/ontologies/product-market-codes/I18024 606 $aInformation Storage and Retrieval$3https://scigraph.springernature.com/ontologies/product-market-codes/I18032 606 $aComputer-Aided Engineering (CAD, CAE) and Design$3https://scigraph.springernature.com/ontologies/product-market-codes/I23044 606 $aImage Processing and Computer Vision$3https://scigraph.springernature.com/ontologies/product-market-codes/I22021 606 $aPattern Recognition$3https://scigraph.springernature.com/ontologies/product-market-codes/I2203X 615 0$aData structures (Computer science). 615 0$aDatabase management. 615 0$aInformation storage and retrieval. 615 0$aComputer-aided engineering. 615 0$aOptical data processing. 615 0$aPattern recognition. 615 14$aData Structures and Information Theory. 615 24$aDatabase Management. 615 24$aInformation Storage and Retrieval. 615 24$aComputer-Aided Engineering (CAD, CAE) and Design. 615 24$aImage Processing and Computer Vision. 615 24$aPattern Recognition. 676 $a005.74 702 $aAbel$b David$4edt$4http://id.loc.gov/vocabulary/relators/edt 702 $aOoi$b Beng Chin$4edt$4http://id.loc.gov/vocabulary/relators/edt 712 12$aSSD '93 906 $aBOOK 912 $a996466086803316 996 $aAdvances in spatial databases$92087451 997 $aUNISA LEADER 01490nam 2200385 a 450 001 9910701830803321 005 20120615131241.0 035 $a(CKB)5470000002421802 035 $a(OCoLC)795581296 035 $a(EXLCZ)995470000002421802 100 $a20120615d2012 ua 0 101 0 $aeng 135 $aurbn||||||||| 181 $ctxt$2rdacontent 182 $cc$2rdamedia 183 $acr$2rdacarrier 200 10$aNuclear safety$b[electronic resource] $earrangement between the United States of America and Thailand, signed at Rockville, March 13, 2012, with addenda 210 1$a[Washington, D.C.] :$cU.S. Dept. of State,$d[2012?] 215 $a1 online resource (21 unnumbered pages) 225 1 $aTreaties and other international acts series ;$v12-313 300 $aTitle from title screen (viewed on June 15, 2012). 517 $aNuclear safety 606 $aNuclear facilities$xSafety measures$xResearch$zUnited States 606 $aNuclear facilities$xSafety measures$xResearch$zThailand 606 $aNuclear industry$xSafety measures$xInternational cooperation 615 0$aNuclear facilities$xSafety measures$xResearch 615 0$aNuclear facilities$xSafety measures$xResearch 615 0$aNuclear industry$xSafety measures$xInternational cooperation. 712 02$aUnited States.$bDepartment of State. 801 0$bGPO 801 1$bGPO 906 $aBOOK 912 $a9910701830803321 996 $aNuclear safety$92319825 997 $aUNINA